00783nam a22002411 450000100060000000300080000600500170001400800410003103500190007203500180009104000410010904100080015008200210015810000360017924500880021526000620030330000210036549000370038650400310042365000260045465100260048070000350050636018BD-RjUL20211209052423.0140615r19601957ilu b 000 0 eng d a(BD-RjUL)36115 a(OCoLC)231549 aDLCcODaWUdOCoLCdDLCdBD-RjULbeng aeng00a338.91bBAE 19601 aBauer, P. T.q(Péter Tamás)14aThe economics of under-developed countries /cby Peter T. Bauer and Basil S. Yamey. aChicago :bUniversity of Chicago Press ,c1957 [rep.1960] a271 p. ;c20 cm.0 aThe Cambridge economic handbooks aBibliographical footnotes. 0aEconomic development. 0aDeveloping countries.1 aYamey, Basil S.ejoint author.